000 00305nam a22001337a 4500
008 260317b |||||||| |||| 00| 0 eng d
020 _a9788189747299
040 _a02
100 _aSULTANA,YASMIN
245 _aPHARMACEUTICAL ENGINEERING
260 _aDELHI
_bBIRLA
_c2024
300 _a147
942 _c01
999 _c67286
_d67286